A Economia da Alimentação (Registo nº 199493)

Detalhes MARC
000 -Etiqueta do registo
Valores 00759nam 22002173 4500
100 ## - Dados gerais de processamento
Dados gerais 20251212d u||y0pory50 ba
101 ## - Língua de publicação
Língua Português
200 ## - Titulo e menção de responsabilidade
Título próprio A Economia da Alimentação
Primeira menção de responsabilidade Michel Cépède e Maurice Lengellé
Outras menções de responsabilidade Tradução de Collete Helena Simone e Loureiro de Carvalho ; Revisão de João Rafael Nunes
205 ## - Menção da edição
Edição
210 ## - Publicação
Local de publicação Lisboa
Nome do editor Edições Itau
Data de publicação 1977
215 ## - Descrição física 
Paginação / Volumes 129, [7] p. : il.
Outras indicações físicas Brochado
Dimensões 18 cm
225 ## - Colecção 
Título próprio da colecção Alimentação e Desenvolvimento
Indicação de volume 3
606 ## - Nome comum usado como assunto
ID Autoridade 6997
Palavra de ordem Ciências Sociais
Subdivisão assunto Economia
675 ## - CDU
Notação 338/CEP/ECO
Edição PT
Língua por
700 ## - Autor principal (pessoa individual)
ID Autoridade 15341
Apelido Cépède
Nome Michel
701 ## - Co-autor principal (pessoa individual)
ID Autoridade 15344
Apelido Lengellé
Nome Maurice
801 ## - Fonte de origem
País PT
Agência BMMN
Regras de catalogação RPC
830 ## - Notas gerais do catalogador
Criado por Carlos Pinto
Data de criação 12-12-2025
Indexado por Carlos Pinto
990 ## - Elementos KOHA
Tipo de documento Livro
Exemplares
Situação do levantamento Biblioteca de origem Código de barras Cota Permissão de empréstimo Tipo de documento Forma de aquisição
  Escola Secundária de Montemor-o-Novo 28352 338/CEP/ECO   Livro Compra

Powered by Koha